[Event "BCF-chT2 2223 (4NCL)"]
[Site "England"]
[Date "2023.02.11"]
[Round "5.64"]
[White "Powierski, Emil"]
[Black "Merriman, James"]
[Result "1/2-1/2"]
[WhiteElo "2282"]
[BlackElo "2203"]
[PlyCount "49"]
[EventDate "2022.10.22"]
[EventType "team-tourn"]
[EventRounds "11"]
[EventCountry "ENG"]
[SourceTitle "EXT 2024"]
[Source "ChessBase"]
[SourceDate "2023.10.10"]
[SourceVersion "1"]
[SourceVersionDate "2023.10.10"]
[SourceQuality "1"]
[WhiteTeam "Oxford"]
[BlackTeam "KJCA Kings"]
[WhiteTeamCountry "ENG"]
[BlackTeamCountry "ENG"]

1. e4 e6 2. d4 d5 3. Nd2 Be7 4. Bd3 c5 5. dxc5 Nf6 6. Qe2 a5 7. Ngf3 Na6 8. Bb5+ Bd7 9. exd5 Nxd5 10. Ne5 Nxc5 11. Nb3 Nc7 12. Nxd7 Nxd7 13. Be3 Nxb5 14. Qxb5 a4 15. Nd2 Qc7 16. 0-0 Ra5 17. Qc4 Qxc4 18. Nxc4 Ra6 19. Rfd1 b5 20. Nd2 Nb6 21. Rac1 0-0 22. c4 bxc4 23. Nxc4 Nd5 24. Bd4 Bg5 25. Rb1 1/2-1/2

[Event "Oberliga Nord N 1920"]
[Site "Germany"]
[Date "2020.01.19"]
[Round "5.5"]
[White "Powierski, Emil"]
[Black "Light, Bjarne"]
[Result "1-0"]
[WhiteElo "2303"]
[BlackElo "2229"]
[PlyCount "79"]
[EventDate "2019.09.29"]
[EventType "team-tourn"]
[EventRounds "9"]
[EventCountry "GER"]
[SourceTitle "CBM 195 Extra"]
[Source "ChessBase"]
[SourceDate "2020.05.31"]
[SourceVersion "1"]
[SourceVersionDate "2020.05.31"]
[SourceQuality "1"]

1. e4 c5 2. Nf3 Nc6 3. c3 d5 4. exd5 Qxd5 5. d4 e6 6. Be3 cxd4 7. cxd4 Nf6 8. Nc3 Qd6 9. a3 Be7 10. g3 0-0 11. Bg2 Nd5 12. 0-0 b6 13. Rc1 Bb7 14. Nxd5 exd5 15. b4 Bf6 16. Bf4 Qd7 17. Ne5 Nxe5 18. dxe5 Bd8 19. Qh5 a5 20. Rfe1 d4 21. Bxb7 Qxb7 22. Rcd1 axb4 23. axb4 Qd5 24. Be3 d3 25. Qg4 Re8 26. Bd4 Ra4 27. e6 f6 28. Bc3 Be7 29. Re3 Qb5 30. Rdxd3 g6 31. Rd7 Qf5 32. Qd1 Ra2 33. Be1 Bxb4 34. Qb3 Bxe1 35. Qxa2 Bb4 36. Qa7 g5 37. Rg7+ Kh8 38. Kg2 g4 39. Qd7 Bf8 40. Qxe8 1-0

[Event "Oberliga Nord N 1920"]
[Site "Germany"]
[Date "2019.10.20"]
[Round "2.3"]
[White "Spiric, Igor"]
[Black "Powierski, Emil"]
[Result "1/2-1/2"]
[WhiteElo "2264"]
[BlackElo "2303"]
[PlyCount "56"]
[EventDate "2019.09.29"]
[EventType "team-tourn"]
[EventRounds "9"]
[EventCountry "GER"]
[SourceTitle "CBM 195 Extra"]
[Source "ChessBase"]
[SourceDate "2020.05.31"]
[SourceVersion "1"]
[SourceVersionDate "2020.05.31"]
[SourceQuality "1"]

1. Nf3 Nf6 2. b3 c5 3. Bb2 e6 4. e3 b6 5. Be2 Bb7 6. c4 Be7 7. 0-0 0-0 8. d4 cxd4 9. Nxd4 Nc6 10. Bf3 Qc7 11. Nxc6 Bxc6 12. Nc3 Rfd8 13. Rc1 Qb7 14. Bxc6 dxc6 15. Qe2 Rd7 16. Rfd1 Rad8 17. Rxd7 Rxd7 18. Rd1 Rxd1+ 19. Qxd1 Qd7 20. Qxd7 Nxd7 21. Ne2 c5 22. e4 Kf8 23. f3 Bd6 24. f4 f5 25. exf5 exf5 26. g3 Be7 27. Kf2 Kf7 28. Kf3 Bf6 1/2-1/2

[Event "BL2-Nord 1819"]
[Site "Germany"]
[Date "2019.02.02"]
[Round "5.6"]
[White "Powierski, Emil"]
[Black "Bruedigam, Martin"]
[Result "1/2-1/2"]
[WhiteElo "2310"]
[BlackElo "2394"]
[PlyCount "103"]
[EventDate "2018.11.10"]
[EventType "team-tourn"]
[EventRounds "10"]
[EventCountry "GER"]
[SourceTitle "CBM 190 Extra"]
[Source "ChessBase"]
[SourceDate "2019.07.15"]
[SourceVersion "1"]
[SourceVersionDate "2019.07.15"]
[SourceQuality "1"]
[WhiteTeam "Norderstedt"]
[BlackTeam "Berlin Tegel"]
[WhiteTeamCountry "GER"]
[BlackTeamCountry "GER"]

1. e4 e5 2. Nf3 Nc6 3. Bb5 a6 4. Ba4 Nf6 5. 0-0 Be7 6. d3 d6 7. c3 0-0 8. Re1 h6 9. Nbd2 Nd7 10. Nf1 Nc5 11. Bxc6 bxc6 12. d4 exd4 13. Nxd4 Bd7 14. Ng3 Re8 15. Qf3 Bf8 16. Ndf5 Kh8 17. Bd2 Rb8 18. c4 Ne6 19. Bc3 Ng5 20. Qf4 Kg8 21. Nh5 Bxf5 22. exf5 Qd7 23. Qg4 Rxe1+ 24. Rxe1 Re8 25. Rxe8 Qxe8 26. h4 Qe4 27. Qxe4 Nxe4 28. Ba5 d5 29. cxd5 cxd5 30. Bxc7 Bc5 31. Bg3 g6 32. fxg6 fxg6 33. Nf4 Nxg3 34. b4 Bd4 35. Nxd5 Ne2+ 36. Kf1 Nc3 37. Nc7 Nxa2 38. Nxa6 Nc3 39. g4 Kf7 40. Kg2 Ke6 41. f4 Nd5 42. Kf3 Bb6 43. Nc5+ Bxc5 44. bxc5 Ne7 45. Ke4 Nc6 46. Kf3 Kd5 47. h5 g5 48. Ke3 gxf4+ 49. Kxf4 Nd4 50. g5 Ne6+ 51. Kf5 Nxg5 52. Kg6 1/2-1/2

[Event "Bundesliga 1718"]
[Site "Germany"]
[Date "2018.04.29"]
[Round "13.1"]
[White "Ribli, Zoltan"]
[Black "Powierski, Emil"]
[Result "1-0"]
[WhiteElo "2526"]
[BlackElo "2334"]
[PlyCount "47"]
[EventDate "2017.10.21"]
[EventType "team-tourn"]
[EventRounds "15"]
[EventCountry "GER"]
[SourceTitle "CBM 184"]
[Source "ChessBase"]
[SourceDate "2018.05.16"]
[SourceVersion "1"]
[SourceVersionDate "2018.05.16"]
[SourceQuality "1"]
[WhiteTeam "Bayern Muenchen"]
[BlackTeam "Norderstedt"]
[WhiteTeamCountry "GER"]
[BlackTeamCountry "GER"]

1. Nf3 Nf6 2. g3 c5 3. c4 Nc6 4. Nc3 g6 5. Bg2 Bg7 6. d4 cxd4 7. Nxd4 0-0 8. 0-0 d6 9. Nxc6 bxc6 10. Bxc6 Rb8 11. Bg2 Qa5 12. Qc2 Bb7 13. e4 Rfc8 14. Nd1 d5 15. Bf4 Ra8 16. exd5 Nxd5 17. Bd2 Qb6 18. Qe4 Ba6 19. cxd5 Bxf1 20. Bxf1 Bf6 21. Bc3 Bxc3 22. bxc3 Qc5 23. Rb1 Rab8 24. c4 1-0

[Event "Bundesliga 1718"]
[Site "Germany"]
[Date "2018.02.25"]
[Round "10.6"]
[White "Powierski, Emil"]
[Black "Baramidze, David"]
[Result "0-1"]
[WhiteElo "2334"]
[BlackElo "2610"]
[PlyCount "90"]
[EventDate "2017.10.21"]
[EventType "team-tourn"]
[EventRounds "15"]
[EventCountry "GER"]
[SourceTitle "CBM 183"]
[Source "ChessBase"]
[SourceDate "2018.03.14"]
[SourceVersion "1"]
[SourceVersionDate "2018.03.14"]
[SourceQuality "1"]
[WhiteTeam "Norderstedt"]
[BlackTeam "Hockenheim"]
[WhiteTeamCountry "GER"]
[BlackTeamCountry "GER"]

1. e4 e5 2. Nf3 Nc6 3. Bb5 a6 4. Ba4 Nf6 5. 0-0 Be7 6. d3 d6 7. c3 0-0 8. Nbd2 b5 9. Bc2 Nb8 10. a4 Bb7 11. d4 Nbd7 12. Qe2 Re8 13. dxe5 dxe5 14. Rd1 c6 15. Nf1 Qc7 16. Ng3 Bf8 17. h3 Nc5 18. Nh2 g6 19. Bg5 Be7 20. Qf3 Kg7 21. Qe3 Ne6 22. Bh6+ Kh8 23. Bb3 Bc8 24. Qf3 Rb8 25. Rd2 bxa4 26. Bc4 Rd8 27. Rxd8+ Qxd8 28. Qe2 Nf4 29. Qc2 Qb6 30. Rxa4 Qxb2 31. Qxb2 Rxb2 32. Nf3 Ng8 33. Bxf4 exf4 34. Ne2 Nf6 35. Nxf4 Nxe4 36. Bxf7 Rb1+ 37. Kh2 Nxf2 38. Bxg6 Rc1 39. Rc4 Bd6 40. Rxc6 Bxf4+ 41. g3 Bb7 42. Rb6 Bxf3 43. gxf4 hxg6 44. Kg3 Rxc3 45. Kxf2 Be4 0-1

[Event "Bundesliga 1718"]
[Site "Germany"]
[Date "2017.12.10"]
[Round "6.4"]
[White "Bok, Benjamin"]
[Black "Powierski, Emil"]
[Result "1-0"]
[WhiteElo "2611"]
[BlackElo "2334"]
[PlyCount "73"]
[EventDate "2017.10.21"]
[EventType "team-tourn"]
[EventRounds "15"]
[EventCountry "GER"]
[SourceTitle "CBM 182"]
[Source "ChessBase"]
[SourceDate "2018.01.17"]
[SourceVersion "1"]
[SourceVersionDate "2018.01.17"]
[SourceQuality "1"]
[WhiteTeam "Solingen"]
[BlackTeam "Norderstedt"]
[WhiteTeamCountry "GER"]
[BlackTeamCountry "GER"]

1. Nf3 c5 2. c4 Nf6 3. Nc3 Nc6 4. g3 g6 5. Bg2 Bg7 6. d4 cxd4 7. Nxd4 0-0 8. 0-0 Qa5 9. e3 d6 10. Bd2 Bg4 11. Qe1 Qh5 12. f3 Bd7 13. b3 Qc5 14. Na4 Qe5 15. Bc3 Nxd4 16. Bxd4 Qe6 17. Nc3 d5 18. c5 b6 19. cxb6 axb6 20. a4 Qd6 21. f4 e6 22. Qd2 Qb4 23. Rfd1 Rac8 24. Bxf6 Rxc3 25. Qxc3 Qxc3 26. Bxc3 Bxc3 27. Rac1 Bb4 28. e4 Bc5+ 29. Kh1 d4 30. e5 Bc8 31. b4 Bxb4 32. Rxd4 Bc5 33. Rdd1 h5 34. Be4 h4 35. Kg2 Kg7 36. a5 Rh8 37. Rc2 1-0

[Event "Bundesliga 1718"]
[Site "Germany"]
[Date "2017.10.22"]
[Round "2.6"]
[White "Powierski, Emil"]
[Black "Neef, Maximilian"]
[Result "0-1"]
[WhiteElo "2317"]
[BlackElo "2443"]
[PlyCount "78"]
[EventDate "2017.10.21"]
[EventType "team-tourn"]
[EventRounds "15"]
[EventCountry "GER"]
[SourceTitle "CBM 181"]
[Source "ChessBase"]
[SourceDate "2017.11.10"]
[SourceVersion "1"]
[SourceVersionDate "2017.11.10"]
[SourceQuality "1"]
[WhiteTeam "Norderstedt"]
[BlackTeam "Dresden"]
[WhiteTeamCountry "GER"]
[BlackTeamCountry "GER"]

1. e4 e6 2. d4 d5 3. Nd2 dxe4 4. Nxe4 Bd7 5. Nf3 Bc6 6. Bd3 Nd7 7. Qe2 Ngf6 8. Ng3 g6 9. h4 h6 10. Bd2 Bxf3 11. Qxf3 c6 12. 0-0-0 Qb6 13. h5 g5 14. Ne4 Be7 15. c4 Nxe4 16. Qxe4 0-0-0 17. Bc3 Bb4 18. Qe1 Bxc3 19. Qxc3 Kb8 20. Be2 Qc7 21. g3 Nf6 22. Qf3 Qe7 23. Qe3 Ka8 24. f4 Rhg8 25. Rhf1 g4 26. Rfe1 Qb4 27. Qe5 Nd7 28. Qe3 Qa5 29. Kb1 Qxh5 30. Bd3 Qa5 31. Rh1 Rh8 32. f5 e5 33. Rxh6 exd4 34. Qf4 Rxh6 35. Qxh6 Ne5 36. f6 Nxd3 37. Rxd3 Qf5 38. Kc2 Re8 39. Qd2 Re3 0-1

[Event "GER CupT prel"]
[Site "Germany"]
[Date "2017.03.12"]
[Round "2.2"]
[White "Powierski, Emil"]
[Black "Bente, Bjoern"]
[Result "1-0"]
[WhiteElo "2317"]
[BlackElo "2288"]
[PlyCount "89"]
[EventDate "2017.03.11"]
[EventType "team-k.o."]
[EventRounds "2"]
[EventCountry "GER"]
[SourceTitle "CBM 177 Extra"]
[Source "ChessBase"]
[SourceDate "2017.04.27"]
[SourceVersion "1"]
[SourceVersionDate "2017.04.27"]
[SourceQuality "1"]
[WhiteTeam "Norderstedt"]
[BlackTeam "Hamburger SK"]
[WhiteTeamCountry "GER"]
[BlackTeamCountry "GER"]

1. e4 g6 2. d4 Bg7 3. Nc3 c6 4. Nf3 d6 5. Be3 Nf6 6. h3 0-0 7. Bd3 Nbd7 8. 0-0 e5 9. a4 Re8 10. dxe5 Nxe5 11. Nxe5 dxe5 12. Bc4 Qe7 13. Qe2 Be6 14. Bxe6 Qxe6 15. Rfd1 Bf8 16. Rd3 Bb4 17. f3 Qe7 18. Qf2 a5 19. Na2 Bd6 20. Rad1 Rad8 21. Nc1 Bc7 22. Bb6 Rxd3 23. Rxd3 Rd8 24. Nb3 Rxd3 25. cxd3 Qd8 26. Bxc7 Qxc7 27. d4 Nd7 28. dxe5 Nxe5 29. Kh1 Qd8 30. Qd2 Qxd2 31. Nxd2 b5 32. b3 Nd3 33. Kg1 Nc5 34. Kf2 Kf8 35. Ke3 bxa4 36. bxa4 Nxa4 37. Nb3 Ke7 38. Nxa5 Kd6 39. Nc4+ Ke6 40. Kd4 f6 41. f4 Kd7 42. g4 c5+ 43. Kd3 Kc6 44. f5 gxf5 45. gxf5 1-0

[Event "Pfalz op-A 8th"]
[Site "Neustadt an der Weinstrasse"]
[Date "2017.02.28"]
[Round "8"]
[White "Solodovnichenko, Yuri"]
[Black "Powierski, Emil"]
[Result "1-0"]
[WhiteElo "2569"]
[BlackElo "2317"]
[PlyCount "121"]
[EventDate "2017.02.24"]
[EventType "swiss"]
[EventRounds "9"]
[EventCountry "GER"]
[SourceTitle "CBM 177 Extra"]
[Source "ChessBase"]
[SourceDate "2017.04.27"]
[SourceVersion "1"]
[SourceVersionDate "2017.04.27"]
[SourceQuality "1"]

1. e4 c6 2. Nf3 d5 3. Nc3 Bg4 4. h3 Bxf3 5. Qxf3 e6 6. d4 Nf6 7. Bd3 dxe4 8. Nxe4 Nbd7 9. Nd2 Be7 10. 0-0 0-0 11. Re1 Nb6 12. c3 Qd5 13. Qe2 Rad8 14. Nf3 c5 15. Bc2 cxd4 16. Nxd4 Bc5 17. Be3 Qe5 18. Qf3 Nc4 19. Qxb7 Nxe3 20. Rxe3 Qb8 21. Qxb8 Rxb8 22. Re2 Bxd4 23. cxd4 Rfd8 24. Rd1 Kf8 25. Bb1 Rb4 26. Red2 Rdb8 27. b3 a5 28. Bc2 Rc8 29. Kf1 Ke7 30. Ke1 Kd6 31. Bd3 Nd5 32. Rc2 Rxc2 33. Bxc2 Nc3 34. a3 Rb8 35. Rd3 Nb5 36. a4 Na3 37. Bd1 Rc8 38. Rd2 Kd5 39. Bf3+ Kd6 40. Kd1 Rc3 41. Rb2 f5 42. Kd2 Rc8 43. h4 Rc7 44. h5 g5 45. g4 h6 46. Bg2 Rc8 47. gxf5 exf5 48. d5 Rb8 49. Ke3 Re8+ 50. Kd3 Rb8 51. Bf3 Rb7 52. Bd1 Kc5 53. Ra2 Kb4 54. Kd4 Re7 55. Re2 Rxe2 56. Bxe2 Nc2+ 57. Ke5 Kc5 58. d6 Nd4 59. d7 Nc6+ 60. Kxf5 Kd6 61. Bb5 1-0

[Event "London Classic Super rapid 8th"]
[Site "London"]
[Date "2016.12.18"]
[Round "7"]
[White "Powierski, Emil"]
[Black "Hovhannisyan, Robert"]
[Result "0-1"]
[WhiteElo "2317"]
[BlackElo "2630"]
[PlyCount "56"]
[EventDate "2016.12.17"]
[EventType "swiss (rapid)"]
[EventRounds "10"]
[EventCountry "ENG"]
[SourceTitle "CBM 176 Extra"]
[Source "ChessBase"]
[SourceDate "2017.03.02"]
[SourceVersion "1"]
[SourceVersionDate "2017.03.02"]
[SourceQuality "1"]

1. e4 c6 2. Nc3 d5 3. Nf3 Bg4 4. h3 Bxf3 5. Qxf3 e6 6. d4 Nf6 7. Bd3 Be7 8. e5 Nfd7 9. Qg3 g6 10. h4 c5 11. h5 g5 12. f4 cxd4 13. Nb5 Nc6 14. 0-0 Qb6 15. fxg5 Ndxe5 16. Bf4 Nxd3 17. Nc7+ Kd7 18. Nxa8 Rxa8 19. cxd3 Rg8 20. Rf2 Qd8 21. Raf1 f5 22. gxf6 Rxg3 23. fxe7 Qg8 24. Bxg3 Qxg3 25. Rf7 Qe3+ 26. R1f2 Ne5 27. Rxh7 Nxd3 28. Kh2 Nxf2 0-1

[Event "Vienna op-A"]
[Site "Vienna"]
[Date "2016.08.23"]
[Round "9"]
[White "Larmuseau, Michiel"]
[Black "Powierski, Emil"]
[Result "0-1"]
[WhiteElo "2177"]
[BlackElo "2323"]
[PlyCount "56"]
[EventDate "2016.08.16"]
[EventType "swiss"]
[EventRounds "9"]
[EventCountry "AUT"]
[SourceTitle "CBM 173 Extra"]
[Source "ChessBase"]
[SourceDate "2016.08.29"]
[SourceVersion "1"]
[SourceVersionDate "2016.08.29"]
[SourceQuality "1"]

1. e4 c6 2. Nc3 d5 3. Nf3 Nf6 4. e5 Ne4 5. Ne2 Qb6 6. d4 e6 7. Nfg1 f6 8. f3 Ng5 9. c3 c5 10. a3 cxd4 11. cxd4 Nc6 12. Bxg5 fxg5 13. Rb1 Be7 14. b4 Bd7 15. Qd3 0-0 16. Rd1 Be8 17. Nc3 Rc8 18. Nge2 Nb8 19. Nc1 a5 20. b5 a4 21. N1a2 Qa5 22. Rd2 Bg6 23. Qe3 Bxa3 24. Nxd5 Rc2 25. Ndc3 Bc1 26. Nxc1 Rxc3 27. Nd3 Bxd3 28. Bxd3 Rc1+ 0-1

[Event "Bargteheide"]
[Site "Bargteheide"]
[Date "2016.05.07"]
[Round "8"]
[White "Powierski, Emil"]
[Black "Bjerre, Jonas Buhl"]
[Result "1-0"]
[WhiteElo "2302"]
[BlackElo "2420"]
[PlyCount "41"]
[EventDate "2016.05.03"]
[EventType "tourn"]
[EventRounds "9"]
[EventCountry "GER"]
[EventCategory "4"]
[SourceTitle "CBM 172 Extra"]
[Source "ChessBase"]
[SourceDate "2016.06.21"]
[SourceVersion "1"]
[SourceVersionDate "2016.06.21"]
[SourceQuality "1"]

1. e4 c5 2. c3 Nf6 3. e5 Nd5 4. Nf3 e6 5. Bc4 d6 6. d4 cxd4 7. cxd4 Nc6 8. 0-0 Be7 9. Qe2 0-0 10. Re1 Bd7 11. Nc3 Nxc3 12. bxc3 dxe5 13. dxe5 Qa5 14. Bd3 Rfd8 15. Rb1 Rab8 16. Rb5 Qc7 17. Ng5 h6 18. Qe4 Bxg5 19. Qh7+ Kf8 20. Ba3+ Ne7 21. Qh8# 1-0

[Event "Bargteheide"]
[Site "Bargteheide"]
[Date "2016.05.06"]
[Round "6"]
[White "Powierski, Emil"]
[Black "Light, Bjarne"]
[Result "1-0"]
[WhiteElo "2302"]
[BlackElo "2251"]
[PlyCount "117"]
[EventDate "2016.05.03"]
[EventType "tourn"]
[EventRounds "9"]
[EventCountry "GER"]
[EventCategory "4"]
[SourceTitle "CBM 172 Extra"]
[Source "ChessBase"]
[SourceDate "2016.06.21"]
[SourceVersion "1"]
[SourceVersionDate "2016.06.21"]
[SourceQuality "1"]

1. e4 d6 2. d4 Nf6 3. Nc3 g6 4. f4 Bg7 5. Nf3 0-0 6. e5 Nfd7 7. Bc4 Nb6 8. Bb3 Na6 9. Be3 c5 10. Qe2 Bg4 11. 0-0-0 Qc8 12. dxc5 dxc5 13. Nd5 Nxd5 14. Bxd5 Nb4 15. Be4 Nxa2+ 16. Kb1 Nb4 17. Qb5 b6 18. Bd2 Bd7 19. Qe2 Nc6 20. h3 Bf5 21. Bd5 Be6 22. Be4 Rd8 23. Bc3 Qc7 24. g4 Rxd1+ 25. Rxd1 Rd8 26. f5 Bc8 27. e6 Rxd1+ 28. Qxd1 fxe6 29. fxg6 hxg6 30. Bxg7 Kxg7 31. Qd2 Bd7 32. Qc3+ e5 33. Bxc6 Qxc6 34. Nxe5 Qh1+ 35. Ka2 Be6+ 36. b3 Kh7 37. Qd3 Qd5 38. Qxg6+ Kh8 39. Qe8+ Bg8 40. Qxe7 Qe6 41. Qg5 Bh7 42. Kb2 a5 43. h4 b5 44. h5 Qg8 45. Qf4 a4 46. Nf7+ Kg7 47. h6+ Kf8 48. Ng5+ Ke7 49. Qc7+ Kf6 50. Nxh7+ Kg6 51. bxa4 Kxh6 52. Nf6 Qc4 53. Qh7+ Kg5 54. Qf5+ Kh4 55. Qe4 Qf1 56. Nd5 b4 57. g5+ Kh5 58. Nf4+ Kxg5 59. Qg2+ 1-0

[Event "Bargteheide"]
[Site "Bargteheide"]
[Date "2016.05.04"]
[Round "2"]
[White "Powierski, Emil"]
[Black "Okhotnik, Vladimir"]
[Result "0-1"]
[WhiteElo "2302"]
[BlackElo "2454"]
[PlyCount "148"]
[EventDate "2016.05.03"]
[EventType "tourn"]
[EventRounds "9"]
[EventCountry "GER"]
[EventCategory "4"]
[SourceTitle "CBM 172 Extra"]
[Source "ChessBase"]
[SourceDate "2016.06.21"]
[SourceVersion "1"]
[SourceVersionDate "2016.06.21"]
[SourceQuality "1"]

1. e4 c6 2. Nc3 g6 3. d4 Bg7 4. f4 d5 5. e5 Nh6 6. Nf3 Bg4 7. h3 Bxf3 8. Qxf3 Qb6 9. Ne2 0-0 10. g4 f5 11. c3 e6 12. Ng3 Na6 13. Rh2 c5 14. Be3 cxd4 15. Bxd4 Qc7 16. 0-0-0 Nc5 17. g5 Nf7 18. Bxc5 Qxc5 19. Ne2 Nd8 20. Nd4 Re8 21. h4 a6 22. h5 Nc6 23. Nb3 Qe7 24. Kb1 b5 25. Be2 Kf7 26. Qe3 Qa7 27. Qxa7+ Rxa7 28. Nd4 Rc8 29. Bf3 Nxd4 30. Rxd4 Rc4 31. Rhd2 h6 32. hxg6+ Kxg6 33. Rxc4 bxc4 34. Rh2 Kh7 35. Bh5 Bf8 36. Kc2 hxg5 37. Bf7+ Kg7 38. Bxe6 Kg6 39. Bxd5 g4 40. Bxc4 Bh6 41. Rf2 g3 42. Rf1 Bxf4 43. e6 Be3 44. Bd5 Kf6 45. Kd3 Bf2 46. Rh1 Rg7 47. Ke2 Ke5 48. c4 Bd4 49. Kf1 Bxb2 50. Kg2 Ba3 51. Re1+ Kf6 52. e7 Bxe7 53. Re6+ Kg5 54. Kxg3 a5 55. Kf3 Rh7 56. a4 Bb4 57. Re8 Rh3+ 58. Kg2 Ra3 59. Bc6 Kf4 60. Re2 Bc5 61. Kh2 Be3 62. Re1 Bf2 63. Re2 Bd4 64. Re1 Ra2+ 65. Kh3 Be5 66. Rf1+ Kg5 67. Rg1+ Kf6 68. Rg2 Ra3+ 69. Kh4 Bf4 70. Rg1 Be3 71. Rg2 Bc5 72. Re2 Be7 73. Bd5 Bd8 74. Rh2 Kg6# 0-1

[Event "Bargteheide"]
[Site "Bargteheide"]
[Date "2016.05.03"]
[Round "1"]
[White "Powierski, Emil"]
[Black "Krause, Jonah"]
[Result "1/2-1/2"]
[WhiteElo "2302"]
[BlackElo "2242"]
[PlyCount "47"]
[EventDate "2016.05.03"]
[EventType "tourn"]
[EventRounds "9"]
[EventCountry "GER"]
[EventCategory "4"]
[SourceTitle "CBM 172 Extra"]
[Source "ChessBase"]
[SourceDate "2016.06.21"]
[SourceVersion "1"]
[SourceVersionDate "2016.06.21"]
[SourceQuality "1"]

1. e4 c5 2. Nf3 e6 3. c3 Nf6 4. e5 Nd5 5. d4 cxd4 6. cxd4 d6 7. Bc4 Be7 8. 0-0 0-0 9. Qe2 b6 10. exd6 Qxd6 11. Nc3 Nxc3 12. bxc3 Bb7 13. Re1 Nd7 14. Bd2 Rac8 15. Bd3 Bf6 16. a4 g6 17. a5 Bg7 18. axb6 axb6 19. Ra7 Rc7 20. Qe3 Bd5 21. Ra6 Bb7 22. Ra7 Bd5 23. Ra6 Bb7 24. Ra7 1/2-1/2

[Event "Bundesliga 1516"]
[Site "Germany"]
[Date "2016.04.10"]
[Round "13.2"]
[White "Powierski, Emil"]
[Black "Baskin, Robert"]
[Result "0-1"]
[WhiteElo "2278"]
[BlackElo "2329"]
[PlyCount "82"]
[EventDate "2015.09.18"]
[EventType "team-tourn"]
[EventRounds "15"]
[EventCountry "GER"]
[SourceTitle "CBM 172"]
[Source "ChessBase"]
[SourceDate "2016.05.12"]
[SourceVersion "1"]
[SourceVersionDate "2016.05.12"]
[SourceQuality "1"]
[WhiteTeam "Norderstedt"]
[BlackTeam "Griesheim"]
[WhiteTeamCountry "GER"]
[BlackTeamCountry "GER"]

1. e4 c5 2. c3 d5 3. exd5 Qxd5 4. d4 Nf6 5. Nf3 Nc6 6. Be3 cxd4 7. cxd4 e6 8. a3 Be7 9. Nc3 Qd6 10. g3 Nd5 11. Bg2 0-0 12. 0-0 Nxe3 13. fxe3 Rd8 14. b4 e5 15. d5 e4 16. Nd2 f5 17. Nc4 Qb8 18. Qb3 Ne5 19. Nb5 Nxc4 20. Qxc4 Bd6 21. Nd4 g6 22. Rac1 Bd7 23. Nc6 bxc6 24. dxc6+ Kh8 25. cxd7 Rxd7 26. Rfd1 Qb6 27. Qe6 Qxe3+ 28. Kh1 Rad8 29. Rc8 Kg7 30. Rxd8 Rxd8 31. Qc4 Be7 32. Rxd8 Bxd8 33. a4 h5 34. a5 Bf6 35. b5 Qe1+ 36. Bf1 Qxa5 37. Kg2 Qd2+ 38. Qe2 Qxe2+ 39. Bxe2 h4 40. Bd1 hxg3 41. hxg3 Bd4 0-1

[Event "Bundesliga 1516"]
[Site "Germany"]
[Date "2016.03.13"]
[Round "11.4"]
[White "Powierski, Emil"]
[Black "Haba, Petr"]
[Result "1-0"]
[WhiteElo "2278"]
[BlackElo "2486"]
[PlyCount "97"]
[EventDate "2015.09.18"]
[EventType "team-tourn"]
[EventRounds "15"]
[EventCountry "GER"]
[SourceTitle "CBM 172"]
[Source "ChessBase"]
[SourceDate "2016.05.12"]
[SourceVersion "1"]
[SourceVersionDate "2016.05.12"]
[SourceQuality "1"]
[WhiteTeam "Norderstedt"]
[BlackTeam "Erfurt"]
[WhiteTeamCountry "GER"]
[BlackTeamCountry "GER"]

1. e4 e6 2. d4 d5 3. Nd2 c5 4. exd5 Qxd5 5. Ngf3 cxd4 6. Bc4 Qd7 7. 0-0 Nc6 8. Nb3 Nf6 9. Nbxd4 Nxd4 10. Nxd4 a6 11. c3 Bc5 12. Re1 b5 13. Bb3 Bb7 14. Bg5 Bxd4 15. cxd4 Qc6 16. f3 0-0 17. Bxf6 gxf6 18. Qd2 Qb6 19. Rad1 Rfd8 20. Kh1 Rd6 21. Qh6 Qd8 22. d5 Bxd5 23. Rd4 f5 24. Rh4 Bxb3 25. Rh5 Bxa2 26. Rg5+ Qxg5 27. Qxg5+ Kf8 28. Qh6+ Ke8 29. Qxh7 Rad8 30. h4 Rd1 31. Rxd1 Rxd1+ 32. Kh2 f4 33. Qh8+ Ke7 34. Qe5 Rd5 35. Qxf4 Bb1 36. Qc7+ Kf6 37. Qb6 Bg6 38. Qxa6 Ke5 39. Qb6 Kf6 40. Kh3 Kg7 41. Qe3 Kg8 42. Qf4 Kg7 43. g4 Kg8 44. Qf6 Kh7 45. Kg3 Kg8 46. b4 Kh7 47. h5 Bxh5 48. gxh5 Rf5 49. Qxf5+ 1-0

[Event "Bundesliga 1516"]
[Site "Germany"]
[Date "2016.03.12"]
[Round "10.3"]
[White "Powierski, Emil"]
[Black "Michalik, Peter"]
[Result "0-1"]
[WhiteElo "2278"]
[BlackElo "2570"]
[PlyCount "72"]
[EventDate "2015.09.18"]
[EventType "team-tourn"]
[EventRounds "15"]
[EventCountry "GER"]
[SourceTitle "CBM 172"]
[Source "ChessBase"]
[SourceDate "2016.05.12"]
[SourceVersion "1"]
[SourceVersionDate "2016.05.12"]
[SourceQuality "1"]
[WhiteTeam "Norderstedt"]
[BlackTeam "Schwaebisch Hall"]
[WhiteTeamCountry "GER"]
[BlackTeamCountry "GER"]

1. e4 c6 2. Nc3 d5 3. Nf3 Nf6 4. e5 Ne4 5. Ne2 Qb6 6. d4 e6 7. Nfg1 f6 8. f3 Ng5 9. exf6 gxf6 10. f4 Nf7 11. Nf3 Nd7 12. Ng3 Be7 13. Bd3 Nf8 14. c3 Bd7 15. Qe2 f5 16. Ne5 Nxe5 17. fxe5 c5 18. dxc5 Bxc5 19. Nh5 0-0-0 20. Bg5 Re8 21. Ng7 h6 22. Bf6 Ng6 23. g3 Ref8 24. 0-0-0 Kb8 25. h4 Rc8 26. Kb1 Ne7 27. Ka1 a5 28. g4 fxg4 29. Qxg4 a4 30. Rhf1 a3 31. b3 Nc6 32. Qh5 Bd4 33. Rc1 Bxc3+ 34. Kb1 Nd4 35. Qf7 Ba4 36. Nxe6 Nxb3 0-1

[Event "Bundesliga 1516"]
[Site "Germany"]
[Date "2015.12.13"]
[Round "4.7"]
[White "Nisipeanu, Liviu Dieter"]
[Black "Powierski, Emil"]
[Result "1-0"]
[WhiteElo "2678"]
[BlackElo "2278"]
[PlyCount "85"]
[EventDate "2015.09.18"]
[EventType "team-tourn"]
[EventRounds "15"]
[EventCountry "GER"]
[SourceTitle "CBM 170"]
[Source "ChessBase"]
[SourceDate "2016.01.15"]
[SourceVersion "1"]
[SourceVersionDate "2016.01.15"]
[SourceQuality "1"]
[WhiteTeam "Baden-Baden"]
[BlackTeam "Norderstedt"]
[WhiteTeamCountry "GER"]
[BlackTeamCountry "GER"]

1. Nf3 Nf6 2. g3 c5 3. Bg2 g6 4. b3 Bg7 5. Bb2 0-0 6. 0-0 Nc6 7. c4 d5 8. Ne5 Nxe5 9. Bxe5 dxc4 10. bxc4 Nd7 11. Bxg7 Kxg7 12. Nc3 Rb8 13. Qa4 Nb6 14. Qa3 Nxc4 15. Qxa7 Be6 16. d3 Qa5 17. Qxa5 Nxa5 18. Rfb1 Nc6 19. Rb6 c4 20. dxc4 Bxc4 21. Bxc6 bxc6 22. Rxc6 Rfc8 23. Rxc8 Rxc8 24. a4 Kf6 25. Rc1 Ke5 26. Nb5 Kd5 27. f3 Rc5 28. Nc3+ Ke5 29. Ne4 Rc6 30. Kf2 Bd5 31. Rxc6 Bxc6 32. a5 h6 33. Ke3 Kd5 34. Nf2 Kc5 35. h4 Kb5 36. Ng4 h5 37. Nh6 Be8 38. Ng8 e6 39. Nf6 Bc6 40. g4 Kxa5 41. gxh5 gxh5 42. Nxh5 Kb6 43. Nf6 1-0